000 00975cam a22002295a 4500
005 20091104224331.0
008 091022s2009 ii ab b 000 0 eng
010 _aENG-95517
020 _a9780195694413
_c890.00
035 _aEN-79050
040 _aDPL
100 _aJois, P.V.
245 _aCustoms and excise Laws and administrative Justice
_bThe Dynamics of indirct taxation and state power in India
_cby P.V. Jois
260 _aNew Delhi :
_bOxford University Press,
_c2009.
300 _axxxv, 395 p. :
_c23 cm. (Hb)
504 _aIncludes bibliographical references and Index
856 _uhttp://www.loc.gov/catdir/enhancements/fy1001/2009310535-d.html
856 _uhttp://www.loc.gov/catdir/enhancements/fy1001/2009310535-t.html
942 _2ddc
_cEN
_mJOI
999 _c31961
_d31961